| 000 | 00000nam##2200000za#4500 |
| 001 | 9.646571 |
| 003 | CaOODSP |
| 005 | 20200330131657 |
| 007 | ta |
| 008 | 150407|1997||||xxc||||| f|0| 0 eng|d |
| 020 | |a0-662-25646-8 |
| 040 | |aCaOODSP|beng |
| 043 | |an-cn--- |
| 086 | 1 |aCi63-19/1997E |
| 110 | 1 |aCanada. |bCitizenship and Immigration Canada. |
| 245 | 12|aA newcomer's introduction to Canada |
| 260 | |aOttawa - Ontario : |bCitizenship and Immigration Canada |c1997. |
| 300 | |a79p. : |bfigs., references ; |c28 cm. |
| 500 | |a"This book was written as an introduction, not as a detailed guide. It offers general information on the Canadian way of life. There are suggestions at the end of most sections about where to find personal help and/or more detailed information."--Page 4. Contents: Welcome to Canada.--The environment.--Getting settled in your community.--Finding a job, building a future.--Your rights and obligations.--The Canadian way of life. |
| 520 | 3 |aThis book was written as an introduction, not as a detailed guide. It offers general information on the Canadian way of life. There are suggestions at the end of most sections about where to find personal help and/or more detailed information.--Page 4 |
| 563 | |aSoftcover |
| 590 | |a97-20|b1997-05-16 |
| 775 | 08|tLe Canada et les nouveaux arrivants |w(CaOODSP)9.680103 |
| 776 | 0#|tA newcomer's introduction to Canada / |w(CaOODSP)9.696121 |
| 986 | |aC&I-031-03-97E |